Catalog

Record Details

Catalog Search



Galerie světových pedagogů : encyklopedie prameny výchovy. První svazek, Od starověku k osvícenství  Cover Image Book Book

Galerie světových pedagogů : encyklopedie prameny výchovy. První svazek, Od starověku k osvícenství / Miroslav Cipro

Record details

  • ISBN: 80-238-7452-7
  • Physical Description: 592 s. : portréty ; 21 cm
  • Publisher: Praha : M. Cipro, 2002

Content descriptions

Bibliography, etc. Note:
Obsahuje bibliografie a bibliografické odkazy
Subject: pedagogové
Teachers > Dictionaries
Genre: výkladové slovníky

Available copies

  • 1 of 1 copy available at Common Catalog SPOK.

Holds

  • 0 current holds with 1 total copy.
Show All Copies
Location Call Number / Copy Notes Barcode Shelving Location Status Due Date
Jabok Library Ped-1.1/C 424480013267 Odborná literatura Available -

LDR 01127nam a2200337 a 4500
0013484
003CZ-PrJAB
00520160305165038.0
007tu
008020207s2002 xr c e e 000 0dcze
015 . ‡acnb001036281
020 . ‡a80-238-7452-7 ‡q(váz.)
035 . ‡a(CZ PrNK)cpk20021036281
035 . ‡a(OCoLC)51192506
040 . ‡aABA001 ‡bcze
072 7. ‡a37 ‡xVýchova a vzdělávání ‡2Konspekt ‡922
080 . ‡a37.011.3-051 ‡2MRF
080 . ‡a(031) ‡2MRF
1001 . ‡aCipro, Miroslav, ‡d1918- ‡7jk01020749 ‡4aut
24510. ‡aGalerie světových pedagogů : ‡bencyklopedie prameny výchovy. ‡nPrvní svazek, ‡pOd starověku k osvícenství / ‡cMiroslav Cipro
24630. ‡aOd starověku k osvícenství
24633. ‡aEncyklopedie prameny výchovy
260 . ‡aPraha : ‡bM. Cipro, ‡c2002
300 . ‡a592 s. : ‡bportréty ; ‡c21 cm
4901 . ‡aPrameny výchovy
504 . ‡aObsahuje bibliografie a bibliografické odkazy
65007. ‡apedagogové ‡7ph137912 ‡2czenas
65009. ‡aTeachers ‡xDictionaries ‡2eczenas
655 7. ‡avýkladové slovníky ‡7fd133855 ‡2czenas
830 0. ‡aPrameny výchovy
910 . ‡aABG312
901 . ‡a3484 ‡bUnknown ‡c3484 ‡tbiblio

Additional Resources